000
nam a22 a 4500
999
_c
1258
_d
1258
003
AKMAL
005
20170509084355.0
008
170509 000 0 eng d
020
_a
9789677013645
040
_c
AKMAL
082
_a
297.576 ESS
245
1
_a
The Modern Compendium of Halal
260
_a
MDC Publishers
942
_2
ddc
_c
BOOK